When Did They Live? #5 - Statistics

General Stats
  • This quiz has been taken 109 times
  • The average score is 8 of 10
Answer Stats
Name Description Answer % Correct
Isaac Newton Natural philosopher 1643–1727
96%
Leo Tolstoy Writer 1828–1910
94%
Leonardo da Vinci Painter 1452–1519
93%
Otto von Bismarck Iron Chancellor 1815–1898
91%
Voltaire Philosopher 1694–1778
81%
Gerónimo Leader 1829–1909
78%
Muhammad Prophet 570–632
74%
Johann Strauss I Composer 1804–1849
68%
Douglas Adams Author 1952–2001
64%
Alexander the Great King 356–323 BC
54%
No matching quizzes found
Score Distribution
Percent of People with Each Score
Percentile by Number Answered
Your Score History
You have not taken this quiz